|
|
|
|
| LEADER |
01687nam a22003974a 4500 |
| 001 |
36032 |
| 003 |
BD-DhAAL |
| 005 |
20191021104618.0 |
| 008 |
191021t2001 enk b 001 0 eng |
| 999 |
|
|
|c 41641
|d 41641
|
| 010 |
|
|
|a 00043904
|
| 020 |
|
|
|a 1856499057 (case)
|
| 020 |
|
|
|a 1856499065
|
| 020 |
|
|
|a 1552660559
|
| 040 |
|
|
|a DLC
|c DLC
|d DLC
|d BD-DhAAL
|
| 041 |
1 |
|
|a eng
|h fre
|
| 082 |
0 |
0 |
|a 333.91
|2 21
|
| 100 |
1 |
|
|a Petrella, Riccardo.
|9 36216
|
| 240 |
1 |
0 |
|a Manifeste de l'eau.
|l English
|
| 245 |
1 |
4 |
|a The water manifesto :
|b arguments for a world water contract /
|c Riccardo Petrella ; translated by Patrick Camiller ; foreword by Mario Soares.
|
| 260 |
|
|
|a London ;
|a New York :
|a Dhaka :
|b Zed Books ;
|b Distributed in the USA exclusively by Palgrave,
|b University Press Ltd ;
|c 2001.
|
| 300 |
|
|
|a xv, 135 pages ;
|c 19 cm.
|
| 490 |
1 |
|
|a Global issues series
|
| 504 |
|
|
|a Includes bibliographical references and index.
|
| 526 |
|
|
|a BIED
|
| 541 |
|
|
|a Complimentary copy from BIED
|e 36032
|
| 650 |
|
0 |
|a Water-supply
|x Economic aspects.
|9 36217
|
| 650 |
|
0 |
|a Water-supply
|x Political aspects.
|9 36218
|
| 650 |
|
0 |
|a Water-supply
|x International cooperation.
|9 36219
|
| 650 |
|
0 |
|a Water quality management
|x International cooperation.
|9 36220
|
| 650 |
|
0 |
|a Water
|x Law and legislation.
|9 36221
|
| 650 |
|
0 |
|a Water rights (International law)
|9 36222
|
| 830 |
|
|
|a Global issues series
|9 36225
|
| 852 |
|
|
|a Ayesha Abed Library
|c General Stacks
|
| 942 |
|
|
|2 ddc
|c BK
|
| 952 |
|
|
|0 0
|1 0
|2 ddc
|4 0
|6 333_910000000000000_PET
|7 0
|9 66857
|a BRACUL
|b BRACUL
|c GEN
|d 2019-10-21
|e Complimentary copy from BIED
|l 0
|o 333.91 PET
|p 3010036031
|r 2019-10-21
|t 1
|w 2019-10-21
|y BK
|x Transferred from BIED to General Stacks
|